Logo BPK

Biblioteka

Politechniki Koszalińskiej

Programowanie obrabiarek CNC : (Rekord nr 54602)

Szczegóły MARC
000 -ETYKIETA REKORDU
podpole kontrolne o stałej długości 00738nam a2200229 i 4500
001 - NUMER KONTROLNY REKORDU
pole kontrolne bg
015 ## - NUMER BIBLIOGRAFII NARODOWEJ
Numer bibliografii narodowej PB 7517/2007
020 ## - MIĘDZYNARODOWY ZNORMALIZOWANY NUMER KSIĄŻKI - ISBN
ISBN 8371412088
040 ## - ŹRÓDŁO KATALOGOWANIA
Instytucja, która utworzyła rekord BPK
041 0# - KOD JĘZYKA
Kod języka tekstu pol
044 ## - KOD KRAJU WYDAWCY/PRODUCENTA
Kod kraju wydawcy/producenta POL
080 ## - UNIWERSALNA KLASYFIKACJA DZIESIĘTNA - UKD
UKD 621.941.06-52(075.3-021.66)
920 ## - Międzynarodowy znormalizowany numer książki – ISBN
ISBN 83-7141-208-8 (Rea)
008 - POLE O STAŁEJ DŁUGOŚCI - DANE KONTROLNE
podpole kontrolne o stałej długości 061205s2003 pl a f |000 0 pol
245 00 - TYTUŁ/ODPOWIEDZIALNOŚĆ
Tytuł Programowanie obrabiarek CNC :
Ciąg dalszy tytułu toczenie.
260 ## - STREFA ADRESU WYDAWNICZEGO
Miejsce wydania Warszawa :
Nazwa wydawcy/dystrybutora Wydawnictwo Rea ;
Miejsce wydania Berlin :
Nazwa wydawcy/dystrybutora MTS Mathematisch Technische Software-Entwicklung,
Data publikacji, dystrybucji/powstania dokumentu [2003].
300 ## - STREFA OPISU FIZYCZNEGO
Objętość 202 s. :
Inne cechy fizyczne il. ;
Rozmiary 30 cm.
650 #9 - HASŁO PRZEDMIOTOWE W FORMIE NAZWY OGÓLNEJ LUB JEDNOSTKOWEJ
Nazwa ogólna lub geograficzna Tokarka sterowana numerycznie
Określnik ogólny oprogramowanie
655 ## - TERMIN INDEKSOWY - OKREŚLENIE RODZAJU/FORMY DOKUMENTU
Określenie rodzaju/formy dokumentu Podręczniki dla szkół zawodowych
856 ## - LOKALIZACJA I DOSTĘP DO ELEKTRONICZNYCH DOKUMENTÓW ZDALNYCH
Link (URL) http://koha.tu.koszalin.pl/cgi-bin/koha/opac-detail.pl?biblionumber=54602
Tekst linku Katalog online BPK
942 ## - DODATKOWE ELEMENTY (KOHA)
Typ dokumentu Książka
Egzemplarze
Wycofany Status egzemplarza Uszkodzony Dostępność Lokalizacja stała Lokalizacja bieżąca Miejsce przechowywania Sygnatura Kod kreskowy Dział Typ dokumentu Ostatnio wypożyczono
      Tylko na miejscu Biblioteka Politechniki Koszalińskiej Biblioteka Politechniki Koszalińskiej Czytelnia BG 86340 02401140 621.9.06 Obrabiarki Książka  
      Dostępny Biblioteka Politechniki Koszalińskiej Biblioteka Politechniki Koszalińskiej Wypożyczalnia BG 86341 02401133   Książka 27.04.2018
      Dostępny Biblioteka Politechniki Koszalińskiej Biblioteka Politechniki Koszalińskiej Wypożyczalnia BG 86342 02401126   Książka 08.07.2024
      Dostępny Biblioteka Politechniki Koszalińskiej Biblioteka Politechniki Koszalińskiej Wypożyczalnia BG 86343 02401119   Książka 16.03.2017
      Dostępny Biblioteka Politechniki Koszalińskiej Biblioteka Politechniki Koszalińskiej Wypożyczalnia BG 86344 02401102   Książka 02.12.2017
© 2023 Biblioteka Politechniki Koszalińskiej :: KOHA